000 00683nam a22002297a 4500
999 _c350601
_d350601
001 64450
003 UA-OsUOA
005 20200225101254.0
007 ta
008 20091104b un ||||| |||| 00| 0 ukr d
040 _aUA-OsUOA
_bukr
_cUA-OsUOA
_dUA-OsUOA
041 _aukr
080 _a281.9(477)
090 _a281.9(477)
100 _aМитрополит
245 _aКнига нашого буття на чужині
_bідеологічно-історичні нариси
260 _aВінніпег
_bУБНТ
_c1956
300 _a167 с.
650 7 _a281.9 Східна православна церква і скопці
_2UDC
942 _cBK
_2udc
955 _a2